Sombras : teoría-aplicaciones /

Gespeichert in:
Bibliographische Detailangaben
1. Verfasser: Ferrer Muñoz, José Luis (autor)
Format: Buch
Sprache:Spanisch
Veröffentlicht: Valencia, España : Universidad Politécnica de Valencia, 1976, c1976
Schlagworte:
Tags: Tag hinzufügen
Keine Tags, Fügen Sie das erste Tag hinzu!

MARC

LEADER 00000nam^a2200000^a^4500
001 000052558
005 20250521000000.0
009 20260310090402.048
037 |a Acervo ITESO - Biblioteca 
041 |a ESP 
082 |a 604. 243  |b FER 
100 |a Ferrer Muñoz, José Luis  |e (autor) 
245 1 0 |a Sombras :  |b teoría-aplicaciones /  |c J.L. Ferrer Muñoz. 
264 4 |a Valencia, España :  |b Universidad Politécnica de Valencia,  |c 1976, c1976 
300 |a 78 p. 
336 |a texto  |b txt  |2 rdacontenido 
337 |a sin mediación  |b n  |2 rdamedio 
338 |a volumen  |b nc  |2 rdasoporte 
649 |a XX 
650 |a Luz y Sombra 
650 |a Dibujo Técnico 
650 |a Geometría Proyectiva 
650 |a Matemáticas 
910 |a Fondo General 
920 |a Impresos - Libros 
930 |a Colección General 
905 |a 101 
901 |a 0500009730  |b IT1  |c ACC  |u 20250521 
902 |a https://opac.biblio.iteso.mx/vufind/Record/000052558